000 00469nam a2200181Ia 4500
001 16560
005 20260306170318.0
008 260306t2021||||xx |||||||||||||| ||und||
041 _aESP
082 _a348.62
_bJ54S
100 _aJiménez Coronado, Ludmin Gustavo
_eAUT
245 0 _aSUNAFIL fiscalización laboral:
_búltimas modificaciones
260 _c2021
300 _a126 páginas :
_c24 cm.
650 _aGEN
654 _aCDE
942 _cLIB
_dJUS
_fJUS
_2ddc
_n
999 _c16560
_d16560